[Event "Longueuil Coupe Confrontation"]
[Site "Longueuil"]
[Date "1991.09.??"]
[Round "4"]
[White "Corbeil, Marc"]
[Black "Favreau, Patrice"]
[Result "1-0"]
[WhiteElo "1824"]
[BlackElo "1408"]
[PlyCount "67"]
[EventDate "1991.02.??"]
[EventType "swiss"]
[EventRounds "5"]
[EventCountry "CAN"]
[SourceTitle "EXT 2022"]
[Source "ChessBase"]
[SourceDate "2021.10.06"]
[SourceVersion "1"]
[SourceVersionDate "2021.10.06"]
[SourceQuality "1"]

1. e4 e5 2. Nf3 Nf6 3. Nc3 Nc6 4. Bb5 Bc5 5. 0-0 0-0 6. d3 h6 7. Bxc6 dxc6 8. Nxe5 Bd6 9. Nf3 Bg4 10. h3 Bh5 11. d4 Be7 12. Be3 Re8 13. Qd3 Bxf3 14. gxf3 Qd7 15. Kh2 Nh5 16. Rg1 c5 17. dxc5 Qe6 18. Qd5 Qf6 19. Qxh5 Bf8 20. Qg4 Re5 21. Bd4 Qg5 22. Bxe5 Qxe5+ 23. f4 Qxc5 24. Qf3 Qb4 25. b3 c6 26. Rad1 Qe7 27. Rd3 Qf6 28. e5 Qf5 29. Ne4 Be7 30. Rgd1 Kh7 31. Rd7 Bh4 32. Rxb7 Re8 33. Nd6 Rxe5 34. Nxf5 1-0

[Event "Longueuil Coupe Confrontation"]
[Site "Longueuil"]
[Date "1991.02.??"]
[Round "2"]
[White "Bureau, Yves"]
[Black "Favreau, Patrice"]
[Result "1-0"]
[WhiteElo "1394"]
[BlackElo "1408"]
[PlyCount "73"]
[EventDate "1991.02.??"]
[EventType "swiss"]
[EventRounds "5"]
[EventCountry "CAN"]
[SourceTitle "EXT 2022"]
[Source "ChessBase"]
[SourceDate "2021.10.06"]
[SourceVersion "1"]
[SourceVersionDate "2021.10.06"]
[SourceQuality "1"]

1. b3 e5 2. Bb2 Nc6 3. e3 d5 4. Bb5 Bd6 5. Nf3 Qe7 6. Nc3 Nf6 7. 0-0 Bd7 8. d4 0-0-0 9. dxe5 Bxe5 10. Nxd5 Nxd5 11. Bxe5 Nxe5 12. Qxd5 Nxf3+ 13. gxf3 Bh3 14. Qh5 Bxf1 15. Bxf1 Qf6 16. Re1 Kb8 17. Bg2 Qc3 18. Rf1 g6 19. Qb5 Rd6 20. f4 c6 21. Qe2 Rd2 22. Qg4 Qxc2 23. Qg5 Re8 24. e4 Qxa2 25. f5 Red8 26. fxg6 hxg6 27. Qf4+ Ka8 28. Qxf7 a6 29. e5 R2d7 30. Qc4 Rd4 31. Qf7 Rg4 32. h3 Rb4 33. Qe7 Qd2 34. e6 Rxb3 35. Qf7 Qg5 36. e7 Rd7 37. e8Q+ 1-0